Practicals in basic entomology (Record no. 16576)

MARC details
000 -LEADER
fixed length control field 00453nam a2200169Ia 4500
008 - FIXED-LENGTH DATA ELEMENTS--GENERAL INFORMATION
fixed length control field 230917s9999||||xx |||||||||||||| ||und||
020 ## - ISBN
Price RS395
040 ## - CATALOGING SOURCE
-- 229227
Original cataloging agency VIVEKANANDA LIBRARY
041 ## - Language
-- English
082 ## - DDC NUMBER
Classification number 595.7 S82P
100 ## - MAIN ENTRY--PERSONAL NAME
Personal name Sathe, T V
245 #0 - TITLE STATEMENT
Title Practicals in basic entomology
260 ## - PUBLICATION, DISTRIBUTION, ETC. (IMPRINT)
Place of publication, distribution, etc New Delhi
Name of publisher, distributor, etc Daya Publishing House
Date of publication, distribution, etc 2015
300 ## - PHYSICAL DESCRIPTION
Pages viii, 84 p.
500 ## - GENERAL NOTE
General note 2170 09/11/2015 RBP15/48714 19/11/2015 Main Budget
942 ## - ADDED ENTRY ELEMENTS (KOHA)
Koha item type Books
Holdings
Withdrawn status Lost status Damaged status Not for loan Location (home branch) Sublocation or collection (holding branch) Date acquired Koha issues (times borrowed) Koha full call number Accession No. Koha date last seen Koha item type
        VIVEKANANDA LIBRARY VIVEKANANDA LIBRARY 16/02/2016   595.7 S82P 351861 17/09/2023 Books
        VIVEKANANDA LIBRARY VIVEKANANDA LIBRARY 16/02/2016   595.7 S82P 351862 17/09/2023 Books
        VIVEKANANDA LIBRARY VIVEKANANDA LIBRARY 16/02/2016   595.7 S82P 351863 17/09/2023 Books
        VIVEKANANDA LIBRARY VIVEKANANDA LIBRARY 16/02/2016   595.7 S82P 351864 17/09/2023 Books
© Designed and Maintained by Vivekananda Library, MDU Rohtak